Asymmetries in household mortgage decisions in the UK (Record no. 115443)
[ view plain ]
| 000 -LEADER | |
|---|---|
| fixed length control field | 01284cad a2200277 4500 |
| 001 - CONTROL NUMBER | |
| control field | L158664 |
| 008 - FIXED-LENGTH DATA ELEMENTS--GENERAL INFORMATION | |
| fixed length control field | 110215n2013 000 0 eng u |
| 020 ## - INTERNATIONAL STANDARD BOOK NUMBER | |
| International Standard Book Number | 9781783210305 |
| 035 ## - SYSTEM CONTROL NUMBER | |
| System control number | (Sirsi) u158664 |
| 041 ## - LANGUAGE CODE | |
| Language code of text/sound track or separate title | eng |
| 100 1# - MAIN ENTRY--PERSONAL NAME | |
| Personal name | Koblyakova, Alla |
| 111 2# - MAIN ENTRY--MEETING NAME | |
| Meeting name or jurisdiction name as entry element | Construction and Building Research Conference |
| Location of meeting | IIT Delhi, New Delhi |
| Date of meeting or treaty signing | 10-12 September 2013 |
| 245 00 - TITLE STATEMENT | |
| Title | Asymmetries in household mortgage decisions in the UK |
| Medium | [electronic resource] |
| 260 ## - PUBLICATION, DISTRIBUTION, ETC. | |
| Place of publication, distribution, etc. | London |
| Name of publisher, distributor, etc. | RICS |
| Date of publication, distribution, etc. | 2013 |
| 490 #0 - SERIES STATEMENT | |
| Series statement | COBRA |
| Volume/sequential designation | 2013 |
| 520 ## - SUMMARY, ETC. | |
| Summary, etc. | A paper presented at the COBRA Conference in New Delhi on 10-12 September 2013. Evaluates the role of the economic cycle in household?s mortgage demand and mortgage instrument choice at the regional level by including regional economic information in addition to household?s personal economic, demographic and social information. Utilises British Household Panel Survey (BHPS) data from 2001-08 to analyse household?s mortgage decisions. |
| 650 24 - SUBJECT ADDED ENTRY--TOPICAL TERM | |
| Topical term or geographic name entry element | CONSTRUCTION AND BUILDING RESEARCH CONFERENCE (COBRA) |
| 650 24 - SUBJECT ADDED ENTRY--TOPICAL TERM | |
| Topical term or geographic name entry element | VARIABLE RATE MORTGAGE |
| 650 24 - SUBJECT ADDED ENTRY--TOPICAL TERM | |
| Topical term or geographic name entry element | MORTGAGE RATES |
| 650 24 - SUBJECT ADDED ENTRY--TOPICAL TERM | |
| Topical term or geographic name entry element | MORTGAGES |
| 651 #4 - SUBJECT ADDED ENTRY--GEOGRAPHIC NAME | |
| Geographic name | United Kingdom |
| 690 ## - LOCAL SUBJECT ADDED ENTRY--TOPICAL TERM (OCLC, RLIN) | |
| Topical term or geographic name as entry element | Residential property |
| 9 (RLIN) | 6266 |
| 700 1# - ADDED ENTRY--PERSONAL NAME | |
| Personal name | Tiwari, Piyush |
| 700 1# - ADDED ENTRY--PERSONAL NAME | |
| Personal name | Hutchison, Norman |
| 942 ## - ADDED ENTRY ELEMENTS (KOHA) | |
| Suppress in OPAC | 0 |
| Withdrawn status | Lost status | Source of classification or shelving scheme | Damaged status | Not for loan | Home library | Current library | Shelving location | Date acquired | Total Checkouts | Full call number | Barcode | Date last seen | Copy number | Price effective from | Koha item type |
|---|---|---|---|---|---|---|---|---|---|---|---|---|---|---|---|
| Dewey Decimal Classification | Virtual | Virtual | Online | 29/05/2015 | ONLINE PUBLICATION | 158664-2001 | 06/08/2019 | 1 | 06/08/2019 | Book |